00322nam a2200121Ia 4500008004100000020001800041041000800059082002800067100003400095245002500129260003700154300000900191230411s9999 xx 000 0 und d a81-7179-902-7 aeng aM/616.96/ICH/BHA/B02178 aBhatia Rajesh & Ichhpujani RL aMedical Parasitology bJaypee BrothersaNew Delhic2002 a309p